| 000 | 01010nam a2200217Ia 4500 | ||
|---|---|---|---|
| 003 | Ost | ||
| 005 | 20260507074959.0 | ||
| 008 | 260507s9999||||xx |||||||||||||| ||und|| | ||
| 040 | _cfsecg | ||
| 041 | _aara | ||
| 082 | _a330 | ||
| 100 |
_aسلمان، جمال داود _eمؤلف |
||
| 245 | 0 |
_aاقتصاديات الأعمال / _c جمال داود سلمان |
|
| 260 |
_aدمشق: _bدار الرضا للنشر, _c2003 |
||
| 300 |
_a97 صفحة؛ _bإيضاحات ؛ _c24 سم |
||
| 504 | _aببليوغرافيا:ص.97 | ||
| 520 | _aأساسيات في اقتصاديات الأعمال،تحليل الطلب وسلوك المستهلك،تحليل الانتاج والتكاليف،نظرية المنشأة،النكاذج الإدارية للمنشأة،قرارات التسعير،الإندماج،القرارات الإدارية،والمشروعات الجديدة(الجدوى الاقتصادية) | ||
| 653 | _aالادارة | ||
| 653 | _aالاقتصاد | ||
| 942 | _cكتاب | ||
| 999 |
_c42055 _d42055 |
||